My five senses / (Record no. 102685)
[ view plain ]
| 000 -LEADER | |
|---|---|
| fixed length control field | 00604nam a2200193 a 4500 |
| 005 - DATE AND TIME OF LATEST TRANSACTION | |
| control field | 20140412111240.0 |
| 008 - FIXED-LENGTH DATA ELEMENTS--GENERAL INFORMATION | |
| fixed length control field | 010425s19uu xx 00 eng d |
| 020 ## - INTERNATIONAL STANDARD BOOK NUMBER | |
| International Standard Book Number | 0-06-445083-X |
| 050 ## - LIBRARY OF CONGRESS CALL NUMBER | |
| Classification number | TR(GS 612.8 |
| Item number | A44 1989 |
| 100 ## - MAIN ENTRY--PERSONAL NAME | |
| Personal name | Aliki |
| 245 ## - TITLE STATEMENT | |
| Title | My five senses / |
| Statement of responsibility, etc | by Aliki. |
| 260 ## - PUBLICATION, DISTRIBUTION, ETC. (IMPRINT) | |
| Place of publication, distribution, etc | New York : |
| Name of publisher, distributor, etc | HarperTrophy, |
| Date of publication, distribution, etc | 1989. |
| 300 ## - PHYSICAL DESCRIPTION | |
| Extent | 31p. ; ill. |
| 440 ## - SERIES STATEMENT/ADDED ENTRY--TITLE | |
| Title | Let's-read-and-find-out book |
| 520 ## - SUMMARY, ETC. | |
| Summary, etc | A simple presentation of the five senses, demonstrating some ways we use them. |
| 650 ## - SUBJECT ADDED ENTRY--TOPICAL TERM | |
| Topical term or geographic name as entry element | Sense and sensation-Juvenile literature |
| 650 ## - SUBJECT ADDED ENTRY--TOPICAL TERM | |
| Topical term or geographic name as entry element | Sense and sensation |
| Withdrawn status | Lost status | Damaged status | Home library | Current library | Shelving location | Date acquired | Source of acquisition | Total Checkouts | Full call number | Barcode | Date last seen | Price effective from | Koha item type |
|---|---|---|---|---|---|---|---|---|---|---|---|---|---|
| Elizalde Library | Elizalde Library | Teachers Reference Section | 04/25/2001 | TR(GS 612.8 A44 1989 | E2504 | 04/12/2014 | 04/12/2014 | Books |